000 00426nam a2200145Ia 4500
008 230917s9999||||xx |||||||||||||| ||und||
040 _e171963
_aMAIN
041 _aEnglish
082 _a891.431721 VI739P
100 _aविनय
245 0 _aपुनर्वास का दंड
260 _aदिल्ली
_bभारती भाषा प्रकाशन
_c1978
300 _a75 पृ. p.
942 _cHN
999 _c188162
_d188162